The secret garden: (Record no. 141497)

MARC details
000 -LEADER
fixed length control field 00640nam a22001817a 4500
010 ## - LCCN (DPL NO)
LC control number 1718CH-EN
020 ## - INTERNATIONAL STANDARD BOOK NUMBER
International Standard Book Number 9781847495730
Terms of availability 275.00
035 ## - SYSTEM CONTROL NUMBER
System control number B-673077-3081
037 ## - SOURCE OF ACQUISITION
Stock number DPL
Source of stock number/acquisition Pragati
082 ## - DEWEY DECIMAL CLASSIFICATION NUMBER
Classification number S
100 ## - MAIN ENTRY--PERSONAL NAME
Personal name Bailey, Peter
245 ## - TITLE STATEMENT
Title The secret garden:
Statement of responsibility, etc illustrated by Peter Bailey
260 ## - PUBLICATION, DISTRIBUTION, ETC. (IMPRINT)
Place of publication, distribution, etc London
Name of publisher, distributor, etc Alma Books
Date of publication, distribution, etc 2016
270 ## - ADDRESS
Address 3 Castle Yard, Richmond, Surrey TW10 6TF
City United Kingdom
300 ## - PHYSICAL DESCRIPTION
Extent 314p.
Dimensions 19cm(pbk)
942 ## - ADDED ENTRY ELEMENTS (KOHA)
Source of classification or shelving scheme Dewey Decimal Classification
Item type Children Books
Call number suffix BAI
Classification part S
Holdings
Withdrawn status Lost status Not for loan Collection code Home library Current library Date acquired Source of acquisition Cost, normal purchase price Full call number Barcode Copy number Cost, replacement price Koha item type
      Fiction Central Library Central Library 08/11/2017 Pragati/61/22.7.2017/CH-EN/74/14.7.2017/24.7.2017 275.00 S BAI B-673077 1 275.00 Children Books
      Fiction Narela Narela 08/11/2017 Pragati/61/22.7.2017/CH-EN/74/14.7.2017/24.7.2017 275.00 S BAI B-673080 1 275.00 Children Books
      Fiction Patel Nagar Patel Nagar 08/11/2017 Pragati/61/22.7.2017/CH-EN/74/14.7.2017/24.7.2017 275.00 S BAI B-673078 1 275.00 Children Books
      Fiction Sarojini Nagar Sarojini Nagar 08/11/2017 Pragati/61/22.7.2017/CH-EN/74/14.7.2017/24.7.2017 275.00 S BAI B-673079 1 275.00 Children Books
      Fiction Shahdara Branch Shahdara Branch 08/11/2017 Pragati/61/22.7.2017/CH-EN/74/14.7.2017/24.7.2017 275.00 S BAI B-673081 1 275.00 Children Books

© Delhi Public Library
Hit Counter
free hit counter